Géopolitique locale : Territoires, acteurs, conflits (notice n° 2198772)
[ vue normale ]
| 000 -LEADER | |
|---|---|
| fixed length control field | 01619cam a2200133 4500500 |
| 005 - DATE AND TIME OF LATEST TRANSACTION | |
| control field | 20260405085605.0 |
| 041 ## - LANGUAGE CODE | |
| Language code of text/sound track or separate title | fre |
| 042 ## - AUTHENTICATION CODE | |
| Authentication code | dc |
| 100 10 - MAIN ENTRY--PERSONAL NAME | |
| Personal name | Subra, Philippe |
| Relator term | author |
| 245 00 - TITLE STATEMENT | |
| Title | Géopolitique locale : Territoires, acteurs, conflits |
| 260 ## - PUBLICATION, DISTRIBUTION, ETC. | |
| Name of publisher, distributor, etc. | Armand Colin,<br/> |
| Date of publication, distribution, etc. | 2016.<br/> |
| 520 ## - SUMMARY, ETC. | |
| Summary, etc. | Aéroport de Notre-Dame-des-Landes, barrage de Sivens, dossier du Grand Paris, redécoupage des régions, rivalités électorales… jamais les questions d’aménagement et de gouvernance du territoire n’ont suscité autant de débats, de controverses, de mobilisations. Sous leur aspect technique, ces conflits sont d’ordre politique, ou plus exactement géopolitique, car ce qui s’y joue à chaque fois, c’est l’usage et le contrôle d’un territoire que se disputent des acteurs aux intérêts contradictoires.Cet ouvrage montre comment l’approche géopolitique permet de mieux comprendre ces réalités. Après un rappel des concepts et des raisonnements de la démarche géopolitique, il analyse les grands conflits autour des projets et politiques d’aménagement du territoire, tire le bilan des pratiques de concertation, analyse les questions de gouvernance et d’organisation territoriale ainsi que les stratégies de conquête électorale.Assorti de plus de 50 cartes et schémas explicatifs et de 8 études de cas, il constitue un outil sans équivalent de compréhension et d’analyse d’un certain nombre d’évolutions auxquelles est confrontée la société française. |
| 856 41 - ELECTRONIC LOCATION AND ACCESS | |
| Uniform Resource Identifier | <a href="https://shs.cairn.info/geopolitique-locale--9782200275396?lang=fr&redirect-ssocas=7080">https://shs.cairn.info/geopolitique-locale--9782200275396?lang=fr&redirect-ssocas=7080</a> |
Pas d'exemplaire disponible.




Réseaux sociaux